[Event "Commonwealth Chess Championship 2008"]
[Site "Nagpur India"]
[Date "2008.10.06"]
[Round "?"]
[White "P D S, Girinath"]
[Black "Khamparia, Akshat"]
[Result "1-0"]
[WhiteElo "2423"]
[BlackElo "2305"]
[PlyCount "123"]
[EventDate "2008.09.28"]
[Source "MonRoi"]

1. e4 c5 2. Nf3 d6 3. c3 Nf6 4. h3 e6 5. Bd3 d5 6. e5 Nfd7 7. Bc2 d4 8. O-O Nc6
9. Re1 d3 10. Bxd3 Ndxe5 11. Nxe5 Nxe5 12. Bb5+ Nc6 13. Na3 Bd7 14. Nc4 Be7 15.
Bxc6 Bxc6 16. Ne5 Rc8 17. d3 O-O 18. Qg4 f5 19. Nxc6 Rxc6 20. Qc4 Qd6 21. Bf4
Qd7 22. Re3 Bf6 23. Rae1 Qd5 24. Rxe6 Qxc4 25. dxc4 Rxe6 26. Rxe6 Kf7 27. Rd6
Rd8 28. Rd5 b6 29. Kf1 Ke6 30. Rxd8 Bxd8 31. Ke2 a6 32. b4 Bf6 33. Kd3 Kd7 34.
g4 fxg4 35. hxg4 g6 36. Be3 Be7 37. a3 Kd6 38. Bh6 a5 39. bxa5 bxa5 40. a4 g5
41. Ke4 Ke6 42. Bg7 Bd6 43. f3 Bg3 44. Bf8 Bf2 45. Bh6 Bh4 46. Ke3 Kf7 47. f4
Kg6 48. Bf8 gxf4+ 49. Kxf4 Bf2 50. Be7 Be1 51. Bxc5 Bxc3 52. Ke4 Kg5 53. Be3+
Kxg4 54. c5 Bf6 55. c6 Bd8 56. Bf4 h5 57. c7 Bxc7 58. Bxc7 Kg5 59. Bxa5 Kf6 60.
Kd5 Ke7 61. Kc6 h4 62. Bc7 1-0

[Event "Commonwealth Chess Championship 2008"]
[Site "Nagpur India"]
[Date "2008.10.06"]
[Round "?"]
[White "K, Priyadharshan"]
[Black "Arghyadip, Das"]
[Result "1/2-1/2"]
[WhiteElo "2297"]
[BlackElo "2404"]
[PlyCount "55"]
[EventDate "2008.09.28"]
[Source "MonRoi"]

1. e4 c5 2. Na3 a6 3. c3 Nc6 4. Nf3 Nf6 5. e5 Nd5 6. g3 d6 7. exd6 e6 8. Bg2
Bxd6 9. O-O O-O 10. Nc4 Be7 11. d4 cxd4 12. Nxd4 Nxd4 13. Qxd4 Bf6 14. Qd1 Bd7
15. Ne3 Nxe3 16. Bxe3 Qc7 17. Qb3 Bc6 18. Qb6 Qxb6 19. Bxb6 Rfc8 20. Rfd1 Bxg2
21. Kxg2 Bd8 22. Be3 Kf8 23. Rd7 Rc7 24. Rad1 Ke8 25. R7d3 Rc6 26. Rd7 Rc7 27.
R7d3 Rc6 28. Rd7 1/2-1/2

[Event "Commonwealth Chess Championship 2008"]
[Site "Nagpur India"]
[Date "2008.10.06"]
[Round "?"]
[White "Sohan, Phadke"]
[Black "Kidambi, Sundararajan"]
[Result "1/2-1/2"]
[WhiteElo "2283"]
[BlackElo "2446"]
[PlyCount "42"]
[EventDate "2008.09.28"]
[Source "MonRoi"]

1. e4 c5 2. Nf3 e6 3. d4 cxd4 4. Nxd4 Nf6 5. Nc3 d6 6. g4 h6 7. h4 Nc6 8. Rg1
h5 9. gxh5 Nxh5 10. Bg5 Nf6 11. Be2 a6 12. Qd2 Qb6 13. Nb3 Bd7 14. h5 Nxh5 15.
Rh1 g6 16. Be3 Qc7 17. f4 a5 18. O-O-O Rc8 19. Kb1 Ra8 20. e5 d5 21. Bxh5 gxh5
1/2-1/2

[Event "Commonwealth Chess Championship 2008"]
[Site "Nagpur India"]
[Date "2008.10.06"]
[Round "?"]
[White "Krishnan B T, Murali"]
[Black "Syed Mahfuzur, Rahman"]
[Result "1-0"]
[WhiteElo "2412"]
[BlackElo "2297"]
[PlyCount "115"]
[EventDate "2008.09.28"]
[Source "MonRoi"]

1. d4 Nf6 2. c4 g6 3. Nc3 Bg7 4. e4 d6 5. f3 O-O 6. Nge2 c6 7. Bg5 h6 8. Be3 e5
9. Qd2 Kh7 10. O-O-O Nbd7 11. Kb1 a6 12. Nc1 Qc7 13. dxe5 dxe5 14. c5 Re8 15.
Na4 Nf8 16. Nb6 Rb8 17. Qd6 Ne6 18. Bc4 Re7 19. Nb3 Ne8 20. Qxc7 N8xc7 21. Rd2
Nb5 22. Nxc8 Rxc8 23. Bxe6 fxe6 24. Rhd1 Rcc7 25. a4 Nd4 26. Nxd4 exd4 27. Bxd4
e5 28. Bc3 Rc8 29. Ba5 Kg8 30. Rd7 Bf8 31. Rxe7 Bxe7 32. b4 Kf7 33. Rd7 Rb8 34.
Bc7 Re8 35. Bd6 Ke6 36. Rxe7+ Rxe7 37. Bxe7 Kxe7 38. Kc2 Kf6 39. Kd3 Ke6 40. h4
Ke7 41. Ke3 Ke6 42. f4 Kf6 43. Kf3 Ke6 44. h5 gxh5 45. g3 h4 46. gxh4 h5 47.
fxe5 Kxe5 48. Ke3 Ke6 49. Kf4 Kf6 50. e5+ Ke6 51. Ke4 Ke7 52. Kf5 Kf7 53. Kg5
Ke6 54. Kxh5 Kxe5 55. Kg6 Kd4 56. h5 a5 57. bxa5 Kxc5 58. h6 1-0

[Event "Commonwealth Chess Championship 2008"]
[Site "Nagpur India"]
[Date "2008.10.06"]
[Round "?"]
[White "S  Dhopade, Swapnil"]
[Black "Rao, Prasanna"]
[Result "1/2-1/2"]
[WhiteElo "2389"]
[BlackElo "2233"]
[PlyCount "36"]
[EventDate "2008.09.28"]
[Source "MonRoi"]

1. d4 Nf6 2. c4 e6 3. Nf3 d5 4. g3 dxc4 5. Bg2 Nbd7 6. Qa4 a6 7. Ne5 c5 8. O-O
cxd4 9. Nxd7 Bxd7 10. Qxc4 Qb6 11. Nd2 Bd6 12. Qb3 Qxb3 13. Nxb3 e5 14. Na5 O-O
15. Nxb7 Be7 16. Bd2 Bb5 17. Rfe1 Rac8 18. a4 Bd7 1/2-1/2

[Event "Commonwealth Chess Championship 2008"]
[Site "Nagpur India"]
[Date "2008.10.06"]
[Round "?"]
[White "Kumar R A, Pradeep"]
[Black "Lanka, Ravi"]
[Result "0-1"]
[WhiteElo "2250"]
[BlackElo "2371"]
[PlyCount "108"]
[EventDate "2008.09.28"]
[Source "MonRoi"]

1. Nf3 g6 2. c4 Bg7 3. d4 d6 4. Nc3 Bg4 5. e3 c5 6. Be2 Nf6 7. h3 Bd7 8. d5 O-O
9. O-O e5 10. dxe6 Bxe6 11. e4 Nc6 12. Bf4 Qb6 13. Qd2 Ne5 14. b3 Qa5 15. Rac1
a6 16. Bh6 Rfd8 17. Bxg7 Kxg7 18. Nh4 Nc6 19. f4 Nd4 20. Bd3 Bd7 21. f5 Rf8 22.
Qf4 Qc7 23. g4 Bc6 24. Nf3 Rae8 25. Nxd4 cxd4 26. Nd5 Bxd5 27. cxd5 Qb6 28. h4
h5 29. gxh5 Nxh5 30. Qg4 Nf6 31. Qf4 Re5 32. Rf2 Qd8 33. Rcf1 gxf5 34. exf5 Rg8
35. Rg2+ Kh7 36. Rg5 Re3 37. Rd1 Qe8 38. Kf2 Qe5 39. Qxe5 dxe5 40. d6 Rd8 41.
Bb1 Rxd6 42. Rdg1 Rd7 43. h5 Rc3 44. Rh1 d3 45. Rgg1 Kh6 46. Rd1 e4 47. Ke3 Rc5
48. Rdf1 a5 49. a3 Rc3 50. Ba2 Rc2 51. Ra1 Nd5+ 52. Kxe4 Nc3+ 53. Ke3 Re2+ 54.
Kf3 Nxa2 0-1

[Event "Commonwealth Chess Championship 2008"]
[Site "Nagpur India"]
[Date "2008.10.06"]
[Round "?"]
[White "Saha, Suvrajit"]
[Black "Abdul, Jabbar"]
[Result "1/2-1/2"]
[WhiteElo "2367"]
[BlackElo "2211"]
[PlyCount "79"]
[EventDate "2008.09.28"]
[Source "MonRoi"]

1. d4 d5 2. c4 e6 3. Nc3 Nf6 4. Nf3 c5 5. cxd5 Nxd5 6. e4 Nxc3 7. bxc3 cxd4 8.
cxd4 Bb4+ 9. Bd2 Qa5 10. Bxb4 Qxb4+ 11. Qd2 Qxd2+ 12. Kxd2 O-O 13. Bd3 Nc6 14.
Rhc1 Rd8 15. Ke3 g6 16. e5 Bd7 17. Rab1 b6 18. Ba6 Rab8 19. Bb5 Ne7 20. a4 Bc8
21. Bd3 Nd5+ 22. Kd2 Bb7 23. Ng5 Nf4 24. g3 Nxd3 25. Kxd3 Rd7 26. Ne4 Bxe4+ 27.
Kxe4 Rbd8 28. Rc4 Rd5 29. Rbc1 Kg7 30. R1c3 R8d7 31. f4 Ra5 32. Rb3 Rdd5 33. g4
f5+ 34. exf6+ Kxf6 35. Rc7 g5 36. Rh3 gxf4 37. Rh6+ Kg5 38. Rxe6 Kxg4 39. Rg7+
Rg5 40. Rxh7 1/2-1/2

[Event "Commonwealth Chess Championship 2008"]
[Site "Nagpur India"]
[Date "2008.10.06"]
[Round "?"]
[White "Guy, West"]
[Black "A  Koushik, Girish"]
[Result "1/2-1/2"]
[WhiteElo "2342"]
[BlackElo "2108"]
[PlyCount "144"]
[EventDate "2008.09.28"]
[Source "MonRoi"]

1. e4 c5 2. Nc3 d6 3. f4 g6 4. Nf3 Bg7 5. Bc4 Nc6 6. O-O Nf6 7. d3 O-O 8. Qe1
Na5 9. Qh4 e6 10. f5 d5 11. Bg5 h6 12. Bxh6 Bxh6 13. Qxh6 Ng4 14. Qh3 exf5 15.
Bxd5 c4 16. exf5 Bxf5 17. Qh4 Qb6+ 18. d4 Kg7 19. Qg5 Rae8 20. Nd1 Qd6 21. h3
Nf6 22. Nh4 Bxc2 23. Bf3 Qxd4+ 24. Kh1 Re5 25. Qg3 Rh8 26. Nf2 Rxh4 27. Ng4
Rxg4 28. Bxg4 Nxg4 29. Rf4 Re4 30. Rxg4 Rxg4 31. hxg4 Nc6 32. Re1 Be4 33. g5
Bd5 34. Re8 b5 35. Qh3 Qd1+ 36. Kh2 Qh5 37. Kg1 Qxh3 38. gxh3 b4 39. Kf2 c3 40.
bxc3 bxc3 41. Ke3 Bxa2 42. Kd3 Be6 43. h4 Ne5+ 44. Kxc3 Nf3 45. Kd3 Nxh4 46.
Ke4 Nf5 47. Ra8 Nd6+ 48. Kd4 Bf5 49. Ke5 Nb5 50. Rb8 Nc7 51. Rb7 Ne6 52. Rxa7
Nxg5 53. Kf4 Kf6 54. Kg3 Ne6 55. Kh4 Ng7 56. Ra6+ Be6 57. Ra5 Nf5+ 58. Kg4 g5
59. Kf3 Kg6 60. Ke4 Nd6+ 61. Kf3 Nc4 62. Rc5 f5 63. Kg3 Nd2 64. Ra5 f4+ 65. Kf2
g4 66. Ke2 Nb3 67. Ra3 Kf5 68. Kf2 g3+ 69. Kg2 Kg4 70. Ra4 Bd5+ 71. Kg1 Nd2 72.
Rxf4+ Kxf4 1/2-1/2

[Event "Commonwealth Chess Championship 2008"]
[Site "Nagpur India"]
[Date "2008.10.06"]
[Round "?"]
[White "Suri, Vaibhav"]
[Black "Kutwal, Shashikant"]
[Result "1/2-1/2"]
[WhiteElo "2081"]
[BlackElo "2340"]
[PlyCount "97"]
[EventDate "2008.09.28"]
[Source "MonRoi"]

1. e4 c5 2. Nf3 d6 3. d4 cxd4 4. Nxd4 Nf6 5. Nc3 Nc6 6. Bc4 Qb6 7. Nxc6 bxc6 8.
O-O g6 9. Qe1 Qc5 10. b3 Bg7 11. Na4 Qh5 12. f3 O-O 13. Bb2 Nd7 14. Bxg7 Kxg7
15. Qe3 Qa5 16. Rad1 Nb6 17. Nxb6 Qxb6 18. Rfe1 Be6 19. Bf1 Qxe3+ 20. Rxe3 a5
21. a4 c5 22. Bb5 Rac8 23. Rc3 Rc7 24. Kf2 g5 25. Bc4 Rb8 26. Bb5 h6 27. h4
Rbc8 28. Ba6 Rd8 29. Bc4 Bxc4 30. Rxc4 e6 31. hxg5 hxg5 32. e5 d5 33. Rg4 d4
34. Rxg5+ Kf8 35. Re1 Rd5 36. Re4 Ke7 37. Ke2 Rc8 38. Kd3 Rg8 {Rd2 Rg5} 39. Re2
Kd7 40. g4 Kc6 41. Re1 {Rd8 Rh1 Kd5 c3} Rxe5 {cxd4} 42. Re4 {Rh5} f5 {fxe4 Kc6
d5 exd5 Rh6 Kc7} 43. gxf5 {dxe4 Kxe4 Rd4 Ke5 Rd3 f6} Kd7 {Rh8} 44. Re3 {Kd5
Rf3 Rh7} Ke8 {Rb7 Rc3 Ke6 Re3 Kd6 Rc3 Kd5 Kf8 Ke6 Re3 Kd6 Rc3 Kd5 Ke8 Re7 Kf8
Ra7 Rxb3 Kxc5 Rf3 Ra6 Rf5 Kb6 Rxf6 Kxa5 Rf5 Kb6 Ke7 Kc7 Rc5 Rc6 Ra5 Rc4} 45.
Rxe5 {Rc6 Ra5 Rc4 Re5 Rc2 Ra5 Re2} Kf7 46. Re4 {Rc5 Kb6 Rc1 a5 Rb1 Kc6 Rc1 Kb7
Rb1 Ka7 Ra1 a6 Rb1 Ka8 Ra1 a7 Rb1 Rc4} Ke7 {Rc8 Kd6 Rb8 Ra1 Kb7 Rb1 Kc8 Rc1 Kd8
} 47. Rg1 {Rb6 Kc5 Ra6 Rg8} Kd7 48. Rg7+ Kd8 49. Rxg8+ 1/2-1/2

[Event "Commonwealth Chess Championship 2008"]
[Site "Nagpur India"]
[Date "2008.10.06"]
[Round "?"]
[White "Rahul, Sangma"]
[Black "Ravichandran, Tejas"]
[Result "0-1"]
[WhiteElo "2339"]
[BlackElo "2123"]
[PlyCount "68"]
[EventDate "2008.09.28"]
[Source "MonRoi"]

1. c4 e5 2. g3 Nf6 3. Bg2 Nc6 4. Nf3 d5 5. cxd5 Nxd5 6. O-O Be6 7. d4 exd4 8.
Nxd4 Nxd4 9. Qxd4 c6 10. Nc3 Qf6 11. Qa4 Nb6 12. Qc2 Be7 13. b3 Qg6 14. e4 O-O
15. f4 f5 16. e5 Rfd8 17. Be3 Rd7 18. Qf2 Nd5 19. Bxd5 Bxd5 20. Bxa7 h5 21.
Rfd1 h4 22. Nxd5 Rxd5 23. Rxd5 cxd5 24. Bd4 Rc8 25. Qg2 hxg3 26. Qxd5+ Kh7 27.
Qxb7 Rc2 28. Qf3 Rxh2 29. a4 Qh6 30. Qxg3 Rh4 31. Kf1 Rxf4+ 32. Ke2 Rxd4 33.
Rg1 Qa6+ 34. Ke1 Bh4 0-1

[Event "Commonwealth Chess Championship 2008"]
[Site "Nagpur India"]
[Date "2008.10.06"]
[Round "?"]
[White "K, Rathnakaran"]
[Black "Srinath, Narayanan"]
[Result "0-1"]
[WhiteElo "2453"]
[BlackElo "2220"]
[PlyCount "158"]
[EventDate "2008.09.28"]
[Source "MonRoi"]

1. e4 e5 2. Bc4 Nf6 3. d3 Nc6 4. Nf3 Bc5 5. O-O O-O 6. c3 d5 7. exd5 Nxd5 8.
Re1 Bg4 9. Nbd2 Nb6 10. Ne4 Bd6 11. h3 Bh5 12. Bb3 Kh8 13. a4 a6 14. a5 Nd7 15.
Bc2 h6 16. Ng3 Bg6 17. Ra4 f5 18. Nh4 Bh7 19. Qh5 Qe8 20. Qd1 Rd8 21. d4 e4 22.
Nhxf5 Rxf5 23. Rxe4 Qf7 24. Nxf5 Bxf5 25. Re1 Rf8 26. Be3 Bxc2 27. Qxc2 Qh5 28.
c4 Bf4 29. c5 Bxe3 30. fxe3 Re8 31. Qf2 Nf6 32. Qf4 Nd5 33. Qg3 Re4 34. Ra3 Qe8
35. Qf2 Qe6 36. Qd2 Nce7 37. Rb3 Nf5 38. Rxb7 Nfxe3 39. b4 Qg6 40. Rb8+ Kh7 41.
Rf8 Nxg2 42. Rxe4 Ngf4+ 43. Kh2 Qxe4 44. b5 Qf3 45. b6 Qxh3+ 46. Kg1 Qg3+ 47.
Kh1 Qf3+ 48. Kh2 Ne3 49. Rxf4 Qxf4+ 50. Kg1 Qg3+ 51. Kh1 Qh3+ 52. Kg1 Qg3+ 53.
Kh1 Qf3+ 54. Kg1 h5 55. bxc7 Qg3+ 56. Kh1 Qh3+ 57. Kg1 Qg3+ 58. Kh1 Qf3+ 59.
Kg1 Qg3+ 60. Kh1 Qh3+ 61. Kg1 Nd5 62. Qc2+ g6 63. Qe4 Qg3+ 64. Kf1 Nxc7 65. d5
Qh3+ 66. Kf2 Qh2+ 67. Kf1 Qh3+ 68. Kf2 Qd7 69. d6 Ne6 70. Qe5 Ng7 71. Qd5 Nf5
72. Kf3 h4 73. Kf4 h3 74. Qd3 Qa4+ 75. Ke5 Qd4+ 76. Qxd4 Nxd4 77. Kxd4 h2 78.
d7 h1=Q 79. c6 Qh2 0-1

[Event "Commonwealth Chess Championship 2008"]
[Site "Nagpur India"]
[Date "2008.10.06"]
[Round "?"]
[White "Jha, Sriram"]
[Black "Chinna Reddy C H, Mehar"]
[Result "1/2-1/2"]
[WhiteElo "2428"]
[BlackElo "2239"]
[PlyCount "131"]
[EventDate "2008.09.28"]
[Source "MonRoi"]

1. d4 d5 2. c4 c6 3. Nf3 Nf6 4. Nc3 e6 5. Bg5 h6 6. Bh4 dxc4 7. e4 g5 8. Bg3 b5
9. Be2 Bb7 10. Ne5 Nbd7 11. O-O Bg7 12. Nxf7 Kxf7 13. e5 Rf8 14. exf6 Nxf6 15.
Bf3 Qd7 16. Qe2 Kg8 17. Rad1 a6 18. Rfe1 Rfe8 19. h4 Rad8 20. hxg5 hxg5 21. Be5
Qf7 22. Qe3 Qg6 23. Be4 Qh5 24. Bf3 Qg6 25. Ne4 Nxe4 26. Bxe4 Qh5 27. f3 Rd7
28. g4 Qh6 29. Kg2 Bxe5 30. dxe5 Rxd1 31. Rxd1 Qg7 32. Rh1 Rf8 33. Bh7+ Kf7 34.
Qa7 Rd8 35. Qxb7+ Kf8 36. Qxg7+ Kxg7 37. Be4 Rd2+ 38. Kg3 Rxb2 39. Rh7+ Kf8 40.
Rc7 Rxa2 41. Rxc6 Kf7 42. Rc7+ Kf8 43. f4 gxf4+ 44. Kxf4 Re2 45. Rc6 a5 46.
Rxe6 a4 47. Ra6 c3 48. Ra8+ Ke7 49. Ra7+ Ke6 50. Ra6+ Ke7 51. Bd3 c2 52. Rc6 a3
53. Bxe2 a2 54. Bxb5 a1=Q 55. Rxc2 Qd4+ 56. Kf5 Qb6 57. Bc4 Qb1 58. Bd3 Qb3 59.
Be4 Qf7+ 60. Kg5 Qg7+ 61. Kf4 Qh6+ 62. Kg3 Qe3+ 63. Bf3 Qxe5+ 64. Kg2 Kf6 65.
Re2 Qd6 66. Ra2 1/2-1/2

[Event "COMMONWEALTH CHESS CHAMPIONSHI"]
[Site "Nagpur,India"]
[Date "2008.10.06"]
[Round "11.33"]
[White "Anwesh, Upadhyaya"]
[Black "Shyam, Nikil P"]
[Result "1-0"]
[WhiteElo "2189"]
[BlackElo "2364"]
[PlyCount "25"]
[EventDate "2008.09.28"]
[Source "MonRoi"]

1. e4 c5 2. Nf3 d6 3. d4 cxd4 4. Nxd4 Nf6 5. Nc3 a6 6. Be2 e5 7. Nb3 Be7 8. O-O
O-O 9. Be3 Be6 10. f4 exf4 11. Rxf4 Nc6 12. Nd5 Nxd5 13. exd5 1-0

[Event "COMMONWEALTH CHESS CHAMPIONSHI"]
[Site "Nagpur,India"]
[Date "2008.10.06"]
[Round "11.36"]
[White "Lalith, Babu M R"]
[Black "Gajendra, Singh"]
[Result "1-0"]
[WhiteElo "2328"]
[BlackElo "2159"]
[PlyCount "51"]
[EventDate "2008.09.28"]
[Source "MonRoi"]

1. Nf3 e6 2. c4 Nf6 3. Nc3 d5 4. d4 c6 5. Bg5 Nbd7 6. e3 Qa5 7. cxd5 Nxd5 8.
Qd2 Bb4 9. Rc1 f5 10. Bd3 O-O 11. O-O b6 12. Qc2 Bxc3 13. bxc3 Ba6 14. Bxa6
Qxa6 15. e4 fxe4 16. Qxe4 Rac8 17. c4 h6 18. Bxh6 gxh6 19. Qg6+ Kh8 20. Qxh6+
Kg8 21. cxd5 exd5 22. Ng5 Qd3 23. Ne6 Rf7 24. Rce1 Rh7 25. Qg5+ Kh8 26. Nf4 1-0

[Event "COMMONWEALTH CHESS CHAMPIONSHI"]
[Site "Nagpur,India"]
[Date "2008.10.06"]
[Round "11.37"]
[White "Pranav, Shetty"]
[Black "Shyam, Sundar M"]
[Result "1-0"]
[WhiteElo "2138"]
[BlackElo "2312"]
[PlyCount "35"]
[EventDate "2008.09.28"]
[Source "MonRoi"]

1. e4 e5 2. Nf3 Nc6 3. Bc4 Bc5 4. c3 Qe7 5. d4 Bb6 6. O-O d6 7. h3 Nf6 8. Re1
h6 9. a4 a6 10. Na3 g5 11. Bd5 g4 12. hxg4 Bxg4 13. Bxc6+ bxc6 14. dxe5 dxe5
15. Be3 Rg8 16. Nc4 Bh3 17. g3 Bxe3 18. Nxe3 1-0

[Event "COMMONWEALTH CHESS CHAMPIONSHI"]
[Site "Nagpur,India"]
[Date "2008.10.06"]
[Round "11.40"]
[White "Antonio, Viani D'cunha"]
[Black "Karavade, Eesha"]
[Result "0-1"]
[WhiteElo "2115"]
[BlackElo "2297"]
[PlyCount "47"]
[EventDate "2008.09.28"]
[Source "MonRoi"]

1. e4 c5 2. Nc3 Nc6 3. f4 g6 4. Nf3 Bg7 5. Bb5 Nd4 6. O-O Nxb5 7. Nxb5 d6 8. d3
a6 9. Nc3 b5 10. Qe1 Bb7 11. f5 Nf6 12. Qh4 Qd7 13. Bh6 Bxh6 14. Qxh6 Rg8 15.
Ng5 gxf5 16. Rxf5 Rg6 17. Qh3 O-O-O 18. Nxh7 Rdg8 19. Nxf6 Rxg2+ 20. Kh1 exf6
21. Nd5 Bxd5 22. exd5 Rxc2 23. Raf1 Rxb2 24. Rxf6 0-1

[Event "COMMONWEALTH CHESS CHAMPIONSHI"]
[Site "Nagpur,India"]
[Date "2008.10.06"]
[Round "11.42"]
[White "Peiris, T G M."]
[Black "Matta, Vinay Kumar"]
[Result "1/2-1/2"]
[WhiteElo "2091"]
[BlackElo "2265"]
[PlyCount "91"]
[EventDate "2008.09.28"]
[Source "MonRoi"]

1. e4 e5 2. Nf3 Nc6 3. Bb5 a6 4. Ba4 Nf6 5. O-O Be7 6. Re1 b5 7. Bb3 O-O 8. c3
d5 9. exd5 Nxd5 10. Nxe5 Nxe5 11. Rxe5 c6 12. d4 Bd6 13. Re1 Qh4 14. g3 Qh3 15.
Re4 g5 16. Qf3 Bf5 17. Bxd5 cxd5 18. Re3 Be4 19. Rxe4 dxe4 20. Qf6 Qh5 21.
Qxg5+ Qxg5 22. Bxg5 f5 23. Nd2 Kf7 24. Kf1 Rg8 25. h4 Rgc8 26. a4 Ke6 27. Ke2
h5 28. Be3 Kd5 29. Kd1 Rg8 30. Kc2 Kc6 31. b3 Kb7 32. c4 Bb4 33. Nb1 Rgc8 34.
c5 Kc6 35. Bd2 a5 36. axb5+ Kxb5 37. Nc3+ Bxc3 38. Kxc3 Ra6 39. Ra4 Rd8 40. Be3
Rd7 41. Ra2 Rd8 42. Rd2 Rd5 43. Rb2 Ra8 44. Bf4 Rc8 45. Be3 Rcd8 46. Bf4
1/2-1/2

[Event "COMMONWEALTH CHESS CHAMPIONSHI"]
[Site "Nagpur,India"]
[Date "2008.10.06"]
[Round "11.43"]
[White "Padmini, Rout"]
[Black "Ghosh, Diptayan"]
[Result "0-1"]
[WhiteElo "2256"]
[BlackElo "2028"]
[PlyCount "154"]
[EventDate "2008.09.28"]
[Source "MonRoi"]

1. e4 e5 2. Nf3 Nc6 3. Bb5 a6 4. Ba4 Nf6 5. O-O Be7 6. Re1 b5 7. Bb3 d6 8. c3
O-O 9. h3 Na5 10. Bc2 c5 11. d4 cxd4 12. cxd4 Qc7 13. Nbd2 Nc6 14. a3 Bd7 15.
d5 Na5 16. b4 Nc4 17. Nxc4 Qxc4 18. Bd3 Qc7 19. Qe2 Qb7 20. Be3 Rfc8 21. Qb2
Bd8 22. Nd2 Bb6 23. Nb3 Nh5 24. Na5 Qa7 25. Bxb6 Qxb6 26. Rac1 Nf4 27. Bf1 Qd8
28. Kh2 h5 29. g3 Ng6 30. Qd2 h4 31. Bg2 Qb6 32. Bf1 f6 33. Bg2 Kf7 34. Bf3 Rh8
35. g4 Nf4 36. Nc6 Rac8 37. Qe3 Qxe3 38. Rxe3 Bxc6 39. dxc6 Ne6 40. Bd1 Ke7 41.
Bb3 Nd4 42. Bd5 Rc7 43. g5 fxg5 44. Rg1 Kf6 45. Kg2 Rhc8 46. Rc1 Ke7 47. Kf1
Rf8 48. Kg2 Rfc8 49. f3 Nxc6 50. Rec3 Kd7 51. Bxc6+ Rxc6 52. Rxc6 Rxc6 53. Ra1
Rc2+ 54. Kg1 Rb2 55. a4 Rxb4 56. axb5 axb5 57. Ra7+ Kc6 58. Rxg7 Kc5 59. Rxg5
Rd4 60. Rg8 Kc4 61. Kf2 b4 62. Ke3 Rd1 63. Rc8+ Kb3 64. Ke2 Rd4 65. Ke3 Rc4 66.
Rd8 Rc6 67. f4 exf4+ 68. Kxf4 Kc2 69. Kg4 b3 70. Kxh4 b2 71. Rb8 Rc4 72. Kg5
Rxe4 73. h4 b1=Q 74. Rxb1 Kxb1 75. h5 d5 76. h6 d4 77. h7 Re8 0-1

[Event "COMMONWEALTH CHESS CHAMPIONSHI"]
[Site "Nagpur,India"]
[Date "2008.10.06"]
[Round "11.47"]
[White "Sahoo, Utkal Ranjan"]
[Black "Soumya, Swaminathan"]
[Result "0-1"]
[WhiteElo "2124"]
[BlackElo "2293"]
[PlyCount "66"]
[EventDate "2008.09.28"]
[Source "MonRoi"]

1. e4 c5 2. Nf3 Nc6 3. d4 cxd4 4. Nxd4 Qb6 5. Nb3 Nf6 6. Nc3 e6 7. Qe2 Bb4 8.
Bd2 O-O 9. a3 Be7 10. g3 d5 11. exd5 exd5 12. Qb5 Qc7 13. Bf4 Bd6 14. Bxd6 Re8+
15. Be2 Qxd6 16. O-O-O a6 17. Qd3 b5 18. Rhe1 Be6 19. Nd4 b4 20. axb4 Nxb4 21.
Qd2 Rec8 22. Qe3 Rab8 23. Bf3 Bd7 24. Nb3 Nxc2 25. Kxc2 Qb4 26. Re2 Qxb3+ 27.
Kc1 Rb4 28. Rc2 Bf5 29. Rd3 d4 30. Qd2 Bxd3 31. Qxd3 dxc3 32. bxc3 Qb1+ 33. Kd2
Rb2 0-1

[Event "COMMONWEALTH CHESS CHAMPIONSHI"]
[Site "Nagpur,India"]
[Date "2008.10.06"]
[Round "11.48"]
[White "Divyasri, Ch"]
[Black "Ophoff, Ja"]
[Result "1/2-1/2"]
[WhiteElo "2081"]
[BlackElo "2275"]
[PlyCount "28"]
[EventDate "2008.09.28"]
[Source "MonRoi"]

1. e4 c5 2. c3 d5 3. exd5 Qxd5 4. d4 Nc6 5. Nf3 Nf6 6. Be2 cxd4 7. cxd4 e6 8.
O-O Be7 9. Nc3 Qd6 10. Nb5 Qd8 11. Bf4 Nd5 12. Bg3 a6 13. Nc3 b6 14. Rc1 Bb7
1/2-1/2

[Event "COMMONWEALTH CHESS CHAMPIONSHI"]
[Site "Nagpur,India"]
[Date "2008.10.06"]
[Round "11.49"]
[White "Mohana, Priya J"]
[Black "Ramnathan, Balasubramaniam"]
[Result "1-0"]
[WhiteElo "2048"]
[BlackElo "2271"]
[PlyCount "79"]
[EventDate "2008.09.28"]
[Source "MonRoi"]

1. d4 d6 2. c4 Nf6 3. Nc3 Nbd7 4. g3 g6 5. Bg2 Bg7 6. e3 O-O 7. Nge2 c6 8. O-O
Qc7 9. b3 e5 10. Ba3 Rd8 11. Rc1 Nf8 12. d5 Bd7 13. dxc6 Bxc6 14. Nd5 Qd7 15.
Nec3 Rac8 16. Qe2 b6 17. Rfd1 Qb7 18. Nxf6+ Bxf6 19. Bxc6 Rxc6 20. Nd5 Bg7 21.
Qf3 Rd7 22. Nb4 Rcc7 23. Qxb7 Rxb7 24. Na6 Ne6 25. Rxd6 Rxd6 26. Bxd6 e4 27. c5
bxc5 28. Nxc5 Nxc5 29. Rxc5 h5 30. Rc8+ Kh7 31. Rc7 Rxc7 32. Bxc7 Bc3 33. a3
Kg7 34. f3 exf3 35. Kf2 Bb2 36. Bd6 Bc3 37. Bc5 f6 38. Bxa7 Kf7 39. Bd4 Bd2 40.
Kxf3 1-0

[Event "COMMONWEALTH CHESS CHAMPIONSHI"]
[Site "Nagpur,India"]
[Date "2008.10.06"]
[Round "11.51"]
[White "Raghavi, N."]
[Black "Chatterjee, Debaraj"]
[Result "0-1"]
[WhiteElo "2064"]
[BlackElo "2231"]
[PlyCount "72"]
[EventDate "2008.09.28"]
[Source "MonRoi"]

1. e4 c5 2. Nf3 d6 3. Bc4 Nf6 4. d3 e6 5. Bb3 Be7 6. O-O O-O 7. c3 Nc6 8. Nbd2
e5 9. Nc4 Na5 10. Nxa5 Qxa5 11. h3 Qc7 12. Re1 b6 13. Nh4 Ne8 14. Nf5 Bxf5 15.
exf5 Rd8 16. Qe2 Bf6 17. g4 h6 18. Qf3 Bh4 19. d4 Nf6 20. Qg2 c4 21. Bc2 exd4
22. cxd4 Rfe8 23. Bf4 b5 24. a3 Qb6 25. Be3 d5 26. Rad1 Qd6 27. Bd2 Qb6 28. Be3
a5 29. Re2 b4 30. axb4 Qxb4 31. Bb1 Qb3 32. Rde1 a4 33. Bc2 Qb5 34. Ra1 c3 35.
Qf1 cxb2 36. Rxa4 b1=Q 0-1

[Event "COMMONWEALTH CHESS CHAMPIONSHI"]
[Site "Nagpur,India"]
[Date "2008.10.06"]
[Round "11.52"]
[White "Saurabh, Kherdekar"]
[Black "Gagare, Shalmali"]
[Result "1-0"]
[WhiteElo "2213"]
[BlackElo "2092"]
[PlyCount "59"]
[EventDate "2008.09.28"]
[Source "MonRoi"]

1. d4 d5 2. c4 dxc4 3. Nf3 Nf6 4. Na3 e6 5. Nxc4 Be7 6. g3 b6 7. Bg2 Bb7 8.
Nce5 O-O 9. O-O c5 10. dxc5 Qxd1 11. Rxd1 Bxc5 12. Bf4 Na6 13. a3 b5 14. Rac1
Rad8 15. Rxd8 Rxd8 16. Nxf7 Rc8 17. Nd6 Bxd6 18. Rxc8+ Bxc8 19. Bxd6 Ne4 20.
Be5 Bd7 21. Nd4 Nd2 22. Nc6 Nc5 23. Nxa7 Nc4 24. Bd4 Nb3 25. Bc3 Nc1 26. Kf1
Na2 27. Bd4 Kf7 28. Nc6 e5 29. Bxe5 Nxe5 30. Bd5+ 1-0

[Event "COMMONWEALTH CHESS CHAMPIONSHI"]
[Site "Nagpur,India"]
[Date "2008.10.06"]
[Round "11.54"]
[White "Priya, P."]
[Black "De Silva, Osheen"]
[Result "0-1"]
[WhiteElo "2190"]
[BlackElo "2022"]
[PlyCount "54"]
[EventDate "2008.09.28"]
[Source "MonRoi"]

1. e4 c5 2. Nf3 d6 3. d4 cxd4 4. Nxd4 Nf6 5. Nc3 a6 6. Be2 e5 7. Nb3 Be6 8. Be3
b5 9. Nd5 Nxd5 10. exd5 Bf5 11. Qd2 Be7 12. O-O O-O 13. Rac1 Bg6 14. Na5 f5 15.
f4 Bf6 16. c4 bxc4 17. Nxc4 Nd7 18. Kh1 exf4 19. Bxf4 Ne5 20. Na5 Re8 21. Rc2
Bf7 22. Rfc1 g5 23. Nb7 Qb6 24. Bxg5 Bxg5 25. Qxg5+ Ng6 26. Rc7 Rxe2 27. Qxf5
Qxc7 0-1

[Event "COMMONWEALTH CHESS CHAMPIONSHI"]
[Site "Nagpur,India"]
[Date "2008.10.06"]
[Round "11.56"]
[White "Preethi, R."]
[Black "Mithil, Ajgaonkar"]
[Result "1-0"]
[WhiteElo "2183"]
[BlackElo "1930"]
[PlyCount "93"]
[EventDate "2008.09.28"]
[Source "MonRoi"]

1. e4 c6 2. d4 d5 3. Nc3 dxe4 4. Nxe4 Bf5 5. Ng3 Bg6 6. Bc4 e6 7. N1e2 Bd6 8.
Nf4 Nf6 9. h4 Bxf4 10. Bxf4 h6 11. Qe2 Nbd7 12. O-O-O Qe7 13. h5 Bh7 14. Bd3
Bxd3 15. Rxd3 Nd5 16. Bd2 N7b6 17. Ra3 Nf6 18. Re1 Qf8 19. Nf5 O-O-O 20. Ng3
Rxd4 21. Rxa7 Kb8 22. Qe5+ Kxa7 23. Qxd4 c5 24. Qc3 Nfd5 25. Qa3+ Kb8 26. Ne4
c4 27. Qg3+ Ka8 28. Ba5 Nc8 29. Qe5 Nce7 30. Bc3 Rg8 31. Qd4 Nc6 32. Qxc4 g6
33. hxg6 Rxg6 34. g3 Qd8 35. Bd2 Qb6 36. Nc5 h5 37. Qa4+ Qa7 38. Qxa7+ Kxa7 39.
c4 Nb6 40. a3 Na4 41. Nd3 Kb8 42. Rh1 Rg4 43. Bf4+ Kc8 44. Rxh5 Nd4 45. Rh8+
Kd7 46. Ne5+ Ke7 47. Nxg4 1-0